000 01204nam a2200217Ia 4500
003 Ost
005 20260507075725.0
008 260507s9999||||xx |||||||||||||| ||und||
040 _cfsecg
041 _aara
082 _a338.54
100 _aعليوه، السيد
_eمؤلف
245 0 _aادارة الازمات والكوارث :
_bمخاطر العولمة والارهاب الدولي /
_c السيد عليوه
260 _aالاسكندرية:
_bدار الامين,
_c2004
300 _a362 صفحة؛
_c24 سم
520 _aيحتوي هذا لكتاب علي مايلي : مفهوم إدارة الأزمات الصناعية ؛إ دارة الأزمات الدولية ؛ إدارة أزمات التغييرالإجتماعى؛ إدارةالكوارث الطبيعية ؛ إدارة الأزمات الصناعية ؛ إدارة أزمة حماية البيئة ؛ إدارة أزمة الإرهاب (العنف السياسي )الدولى ؛ إدارة أزمات الاقتصاد العالمى ؛ العولمة الفرض و المخاطر
653 _aالارهاب
653 _aالازمات الاقتصادية
653 _aالعولمة
942 _cكتاب
999 _c45969
_d45969